000 01443nam2a22002531 4500
001 rc\714932
005 20250621233023.0
010 _a5-244-00869-2
_910000
035 _a(NLR Aleph) 005977245
090 _a6991322
_c6991322
100 _a20070321d1997 |||y0rusy50 ca
101 0 _arus
102 _aRU
105 _ay |||||||||
200 1 _aПолитическая мысль в России X - первая половина XIX в.
_f[Редкол.: отв. ред. В.Н. Шевченко, д. филос. н., д. чл. Акад. полит. наук, ред.-сост.: В.Ф. Пустарнаков, д. филос. н., А.С. Фалина, к. э. н.]
210 _d1997
_aБ. м.
215 _a799 с.
320 _aБиблиогр. в конце разделов
461 0 _1001rc\1190095
_12001#$aАнтология мировой политической мысли$eВ 5 т.$f[Нац.-обществ. науч. фонд, Акад. полит. науки]$gРед.-науч. совет: пред. - Г.Ю. Семигин, д. полит. н., д. чл. Акад. полит. наук и др.]$vТ. 3
_96964745
_cМ.
_d1997
_f[Нац.-обществ. науч. фонд, Акад. полит. науки]
_nМысль
_oВ 5 т.
_tАнтология мировой политической мысли
_vТ. 3
801 0 _aRU
_bNLR
_gpsbo
801 1 _aRU
_bELAR
_2rusmarc
852 _aNLR
_j97-5/2090
942 _cBOOK
980 _aNB